000 00248nam a22000857a 4500
082 _a923.2549
_bQUA
245 _aQuaid-i-Azam Mohammad Ali Jinnah (Album) /Prepared by Cabinet Division
_cServices Book Club 1997
300 _a175p. ;
942 _2ddc
_cBK
999 _c594615
_d594615